000 00607cam a2200217 4500500
005 20260329002806.0
041 _afre
042 _adc
100 1 0 _aNathan, Tobie
_eauthor
245 0 0 _aAyahuasca / Amazonie
260 _c2013.
500 _a35
690 _aAmazonie
690 _aChamanisme
690 _aHallucination
690 _aLiane
690 _aTobie Nathan
690 _aVégétal
786 0 _nPhilosophie magazine | 73 | 10 | 2013-10-01 | p. 47-47 | 1951-1787
856 4 1 _uhttps://shs.cairn.info/magazine-philosophie-magazine-2013-10-page-47?lang=fr&redirect-ssocas=7080
999 _c1818405
_d1818405